000 00983nam a2200217Ii 4500
003 JO-AjNU
008 230605s9999||||xx |||||||||||||| ||und||
017 _a1998/5/724
040 _aJO-AjNU
_bara
_erda
_cJO-AjNU
041 _aara
050 1 4 _aBF335.R8736.1998
100 3 _aالروسان،فاروق,
_eauthor
_922738
245 0 0 _aدليل مقياس التكيف الاجتماعي
250 _aط1
264 3 1 _aعمان:دار الفكر للطباعة والنشر والتوزيع ،1998
300 _a2013ص
_bملحق رقم1 من ص39-ص92 ،ملحق رقم 2 من ص95-ص106 ، ملحق رقم 3 من ص 109-135 ،ملحق رقم 4 من ص139-ص147،ملحق رقم 5من ص151-ص177،ملحق رقم 6من ص181-ص195،ملحق رقم 7 من ص199-ص213
336 _atext
_btxt
_2rdacontent
337 _aunmediated
_bn
_2rdamedia
338 _avolume
_bnc
_2rdacarrier
650 4 _aالعلوم الاجتماعية-التنمية الاجتماعية
_922739
999 _aA8118
_c11686
_d11686